000 00801nam a22001815i 4500
001 151958
003 ES-MaACL
005 20230906204452.0
008 970714s1856 sp |||| | spa d
040 _aCAM
_bspa
_cCAM
100 1 _aPaixhans, Henry Joseph.
_9130779
245 1 0 _aArtilleria moderna de mar y tierra
_b: estracto hecho de la obra que escribió en francés Mr. Paixhans titulada Nouvelle force maritime /
_cpor Emilio Bernaldez...con un apéndice escrito por el mismo.
260 _aMadrid :
_b[s.n.],
_c1856 (
_fImprenta del Memorial de Ingenieros)
300 _a116, [5] p., [8] h. pleg. ;
_c23 cm.
650 4 _aArtillería.
_9135626
700 1 _aBernáldez y Fernández de Folgueras, Emilio.
_9125954
852 _aES-MaACL
_jG-11052
_z-- Enc. cart.
_z.- Ded. manuscrita del autor
999 _c151958
_d151958